Preoperative cardiac assessment / (Record no. 4406)

000 -LEADER
fixed length control field 00936cam a2200313 a 4500
003 - CONTROL NUMBER IDENTIFIER
control field ALUPE UNIVERSITY
005 - DATE AND TIME OF LATEST TRANSACTION
control field 20220323090837.0
008 - FIXED-LENGTH DATA ELEMENTS--GENERAL INFORMATION
fixed length control field 900618s1990 pau b 1 0 eng d
020 ## - INTERNATIONAL STANDARD BOOK NUMBER
International Standard Book Number 0397510896
040 ## - CATALOGING SOURCE
Transcribing agency ALUPE UNIVERSITY
049 ## - LOCAL HOLDINGS (OCLC)
Holding library AEU
050 00 - LIBRARY OF CONGRESS CALL NUMBER
Classification number RD598.3
Item number .P74 1990
060 #0 - NATIONAL LIBRARY OF MEDICINE CALL NUMBER
Classification number WO 179 P9266
090 0# - LOCALLY ASSIGNED LC-TYPE CALL NUMBER (OCLC); LOCAL CALL NUMBER (RLIN)
Classification number (OCLC) (R) ; Classification number, CALL (RLIN) (NR) RD 598.3 P927 1990
245 00 - TITLE STATEMENT
Title Preoperative cardiac assessment /
Statement of responsibility, etc. edited by Dennis T. Mangano ; with 8 contributors.
260 ## - PUBLICATION, DISTRIBUTION, ETC.
Place of publication, distribution, etc. Philadelphia :
Name of publisher, distributor, etc. Lippincott,
Date of publication, distribution, etc. c1990.
300 ## - PHYSICAL DESCRIPTION
Extent xii, 174 p. :
Other physical details ill. ;
Dimensions 24 cm.
336 ## - CONTENT TYPE
Content type term text
Content type code txt
Source rdacontent
337 ## - MEDIA TYPE
Media type term unmediated
Media type code n
Source rdamedia
338 ## - CARRIER TYPE
Carrier type term volume
Carrier type code nc
Source rdacarrier
504 ## - BIBLIOGRAPHY, ETC. NOTE
Bibliography, etc. note Includes bibliographical references.
583 1# - ACTION NOTE
Institution to which field applies AEU
650 #0 - SUBJECT ADDED ENTRY--TOPICAL TERM
Topical term or geographic name entry element Heart
General subdivision Surgery.
650 #0 - SUBJECT ADDED ENTRY--TOPICAL TERM
Topical term or geographic name entry element Preoperative care.
650 #2 - SUBJECT ADDED ENTRY--TOPICAL TERM
Topical term or geographic name entry element Heart Diseases
General subdivision complications.
650 #2 - SUBJECT ADDED ENTRY--TOPICAL TERM
Topical term or geographic name entry element Risk Factors.
700 1# - ADDED ENTRY--PERSONAL NAME
Personal name Mangano, Dennis T.
942 ## - ADDED ENTRY ELEMENTS (KOHA)
Source of classification or shelving scheme
Koha item type Book
Holdings
Withdrawn status Lost status Source of classification or shelving scheme Damaged status Not for loan Permanent Location Current Location Shelving location Date acquired Source of acquisition Total Checkouts Full call number Barcode Date last seen Price effective from Koha item type Public note
          AU LIBRARY AU LIBRARY Open Shelf 23.03.2022 DONATION FROM MOI UNIVERSITY   RD598.3 .P74 1990 28006328 23.03.2022 23.03.2022 Book WO

Powered by Koha